Vignettes of India (Record no. 18530)

MARC details
000 -LEADER
fixed length control field 00572nam a22001937a 4500
003 - CONTROL NUMBER IDENTIFIER
control field BDDh-ASL
005 - DATE AND TIME OF LATEST TRANSACTION
control field 20231015025719.0
008 - FIXED-LENGTH DATA ELEMENTS--GENERAL INFORMATION
fixed length control field 201013s1985 e ||||| |||| 00| 0 eng d
040 ## - CATALOGING SOURCE
Original cataloging agency BDDh-ASL
Transcribing agency BDDh-ASL
082 ## - DEWEY DECIMAL CLASSIFICATION NUMBER
Classification number 954
Item number GRV
100 1# - MAIN ENTRY--PERSONAL NAME
9 (RLIN) 1357
Personal name Griffiths, Percival
245 10 - TITLE STATEMENT
Title Vignettes of India
Statement of responsibility, etc. by Percival Griffiths.
260 ## - PUBLICATION, DISTRIBUTION, ETC.
Place of publication, distribution, etc. Great Britain:
Name of publisher, distributor, etc. Typeset at the Spartan Press,
Date of publication, distribution, etc. 1985.
300 ## - PHYSICAL DESCRIPTION
Extent 218 p. :
Dimensions 23 cm.
500 ## - GENERAL NOTE
General note Includes index.
651 #0 - SUBJECT ADDED ENTRY--GEOGRAPHIC NAME
9 (RLIN) 722
Geographic name India
General subdivision Politics and Government
651 #0 - SUBJECT ADDED ENTRY--GEOGRAPHIC NAME
9 (RLIN) 722
Geographic name India
General subdivision History
942 ## - ADDED ENTRY ELEMENTS (KOHA)
Source of classification or shelving scheme Dewey Decimal Classification
Koha item type Books
Holdings
Withdrawn status Lost status Source of classification or shelving scheme Damaged status Not for loan Collection code Home library Current library Shelving location Date acquired Source of acquisition Total Checkouts Full call number Barcode Date last seen Copy number Price effective from Koha item type Public note
    Dewey Decimal Classification   Not For Loan Non-fiction Asiatic Society Library Asiatic Society Library Harrison Collection 10/13/2020 Donated by Prof. John B. Harrison   954 GRV 101722 10/13/2020 C-1 10/13/2020 Books RARE

Powered by Koha